Co to za logo na literę M? - Statystyki

Ogólne statystyki
  • Ten quiz został rozwiązany 5 689 razy
    5 607 od ostatniego zresetowania
  • Średni wynik to 12 z 20
Statystyki odpowiedzi
Obrazkowy Odpowiedź % Poprawnych
Monster
98%
McDonald's
96%
Mercedes
96%
Microsoft
95%
Mazda
91%
Motorola
90%
Mastercard
89%
Monopoly
84%
Mitsubishi
78%
Michelin
77%
Mountain Dew
74%
Marvel
73%
Maserati
52%
Meta
49%
Mattel
31%
Marriott
16%
MGM
15%
McCormick
3%
Muji
3%
Mirbud
2%
Nie znaleziono quizów pasujących do podanych kryteriów
Rozkład punktacji
Procent ludzi z każdym wynikiem
Percentyl według liczby udzielonych odpowiedzi
Twoja historia wyników
Nie rozwiązałeś tego quizu od ostatniego zresetowania